| 000 | 005550000a22001810004500 | ||
|---|---|---|---|
| 003 | MACL | ||
| 005 | 20160410121848.0 | ||
| 008 | 160410b xxu||||| |||| 00| 0 eng d | ||
| 040 |
_aMACL _cMACL |
||
| 041 | _aHindi | ||
| 082 | _a500 | ||
| 100 |
_aडॉ विघा श्रीवास्तव _951635 |
||
| 245 | _aआविष्कारों का अदभुत संसार | ||
| 260 |
_bगौरव प्रकाशन _c2004 _aदिल्ली |
||
| 350 | _a175 | ||
| 650 |
_aPure Sci. _940184 |
||
| 942 |
_cHIN _k500 _2ddc |
||
| 999 |
_c11074 _d11074 |
||